| 000 | 00495nam a2200169Ia 4500 | ||
|---|---|---|---|
| 999 |
_c28416 _d28416 |
||
| 003 | OSt | ||
| 005 | 20201211115833.0 | ||
| 008 | 190216s9999||||xx |||||||||||||| ||und|| | ||
| 040 | _coclc | ||
| 082 |
_a894.812 _bCHA/E |
||
| 100 |
_aChandrasekharan, M R _97114 |
||
| 245 | 0 |
_aEzhuthile Ponnu / _cM R Chandrasekharan |
|
| 260 |
_bPrabhath Book House, _aThrissur: _c2001. |
||
| 300 | _a159p | ||
| 650 | _aMalayalam Essays | ||
| 942 |
_cBK _2ddc _h894.812 _iCHA/E _k894.812 _mCHA/E |
||